1775 1162 1781 1598 1439 1178 1670 1075 1990 1153 1931 1543 1773 1747 1446 1380 1951 1462 1789 1620 1583 1172 1744 1235 1827 1110 1340 1328 1868 1433 1236 1534 1356 1918 1055 1372 1335 1892 1793 1813 1515 1376 1576 1970 1780 1757 1216 1203 1287 1717 1659 1982 1634 1073 2000 1045 1810 1370 1125 1828 1742 1923 1877 1531 1247 1507 1337 1900 1362 1398 1861 1877 1865 1054 1586 1897 1468 1286 1945 1509 1064 1097 1504 1373 1972 1228 1214 1501 1351 1069 1438 1264 1786 1249 1367 1922 1774 1834 1017 BCNSPRNW ULIB Ver.6.0+V

เปลี่ยนเป็นภาษาไทย

Change to English
 แสดงรายละเอียดบรรณานุกรม
  กลับหน้าหลัก

Brief Record : Get Marc (ISO 2709) : E-mail record : QR code < ปิดหน้าต่าง
LEADER : 00000nam 2200000uu 4500
001    13399121592
003     ULIB
008    121126s2547||||th 000 0 tha d
020    ^a9744654112
060 04 ^aWT166^bว429ผ
100    ^aวันดี โภคะกุล
245    ^aผลการสำรวจภาวะสุขภาพและการออกกำลังกายของผู้สูงอายุ/^cวันดี โภคะกุล
260    ^aนนทบุรี :^bสถาบันเวชศาสตร์ผู้สูงอายุ กรมการแพทย์,^c2547
300    ^a120 หน้า
650    ^aโรคติดต่อ^xการป้องกันและควบคุม
945    ^p0^l0^i12612
995    ^a วิภา
999    ^aใช้งานได้ทุกระบบ
รายการนี้ยังไม่มีแท็ก
คุณยังไม่ได้ล็อกอิน คุณสามารถมีกิจกรรมร่วมกับเว็บไซต์ได้ แต่ต้องล็อกอินก่อน ::
  ล็อกอิน

รายการสื่อสารสนเทศ

ลำดับที่ ประเภท เลขเรียก/บาร์โค้ด สถานที่ สถานะ
1. วิทยาศาสตร์การแพทย์ และสุขภาพ
วิทยาศาสตร์การแพทย์ และสุขภาพ
WT166 ว429ผ  
  Barcode: 12612
ห้องสมุดวิทยาเขตสวรรค์ประชารักษ์
►หนังสือทั่วไป
บนชั้น

รายการใกล้เคียง
    ผู้แต่ง [วันดี โภคะกุล]

BibComment


ยังไม่เคยถูกคอมเมนท์

คอมเมนท์ทรัพยากรรายการนี้
  คอมเมนท์: ผลการสำรวจภาวะสุ..


 Copyright 2026. Bcnsprnw @Library